| 000 | 00000nam##2200000za#4500 |
| 001 | 9.597898 |
| 003 | CaOODSP |
| 005 | 20210624204255 |
| 007 | cr ||||||||||| |
| 008 | 150406|2004||||xxc|||||o f|0| 0 fre|d |
| 040 | |aCaOODSP|bfre |
| 043 | |an-cn--- |
| 086 | 1 |aTU3-5/04-46F-PDF |
| 110 | 2 |aBureau de la sécurité des transports du Canada. |
| 245 | 10|aAtterrissage interrompu et collision avec le relief du Short Brothers SD3-60 N748CC exploité par Air Cargo Carriers, Inc. à l'aéroport municipal d'Oshawa (Ontario), le 16 décembre 2004 |h[ressource électronique] |
| 260 | |aGatineau - Québec : |bBureau de la sécurité des transports du Canada |c[2005]. |
| 300 | |a11p.|bfigures, références |
| 490 | 1 |aRapport d'enquête aéronautique |vA04O0336 |
| 590 | |a10-05-Supp|b2010-07-20 |
| 691 | 07|aAccident d'avion|2gcpds |
| 775 | 08|tRejected landing – collision with terrain - Air Cargo Carriers, Inc. Short Brothers SD3-60 N748CC, Oshawa Municipal Airport, Ontario, 16 December 2004 |w(CaOODSP)9.566395 |
| 830 | #0|aRapport d'enquête aéronautique ;|vA04O0336|w(CaOODSP)9.501229 |
| 856 | 40|ahttp://publications.gc.ca|qPDF|s170 Ko|uhttps://publications.gc.ca/collections/collection_2009/bst-tsb/TU3-5-04-46F.pdf|yA04O0336 |